| 000 | 00939nam a2200253 i 4500 | ||
|---|---|---|---|
| 001 | 187255 | ||
| 003 | SpMaBN | ||
| 005 | 20250702063130.0 | ||
| 008 | 170519e1993 ck cf |||| | spa d | ||
| 080 | _a821.134.2(861)-14"19" | ||
| 100 | 1 |
_aQuessep, Giovanni, _d1939- _9162748 _eaut |
|
| 245 | 1 | 0 |
_aAntología poética / _cGiovanni Quessep ; prólogo de Hernán Reyes Peñaranda. |
| 260 |
_aSantafé de Bogotá : _bInstituto Caro y Cuervo, _c1993. |
||
| 300 |
_a154 páginas, [1] hoja de lámina retrato ; _c20 cm. |
||
| 490 | 1 |
_aLa granada entreabierta ; _v63 |
|
| 655 | 7 |
_2tgfbne _9176539 _aPoesías |
|
| 700 | 1 |
_aPeñaranda, Hernán Reyes. _9162750 _eaui |
|
| 710 | 2 |
_aInstituto Caro y Cuervo. _94806 _eedt |
|
| 830 | 0 |
_aLa granada entreabierta ; _v63 _9192760 |
|
| 852 | 1 |
_aBA _cDEPO2 _hDonat. Viuda Antonio Tovar _jL-31607 |
|
| 942 |
_2udc _cMONOGRAFIA _n0 |
||
| 999 |
_c187255 _d187255 |
||